beliebtesten Jungennamen 2023 - Statistiken

Allgemein
  • Dieses Quiz wurde 150 mal gespielt
  • Das Durchschnittsergebnis liegt bei 28 aus 100
Antwortstatistiken
Name % Korrekt
Max
79%
Tim
79%
Leo
74%
Leon
72%
Lukas
71%
Tom
71%
Ben
68%
Paul
66%
Jan
64%
Luca
56%
Maxim
56%
Finn
54%
Elias
50%
Maximilian
50%
Noah
50%
Jonas
49%
David
46%
Emil
46%
Karl
46%
Felix
45%
Alexander
44%
Anton
44%
Marc
43%
Johann
41%
Michael
41%
Julian
40%
Moritz
40%
Johannes
38%
Niklas
38%
Mohammed
37%
Simon
37%
Daniel
35%
Benjamin
33%
Nico
33%
Philipp
32%
Louis
31%
Erik
30%
Fabian
30%
Jakob
30%
Jonathan
30%
Jannik
29%
Julius
29%
Matteo
29%
Theo
29%
Linus
27%
Samuel
26%
Liam
25%
Oskar
25%
Jannis
24%
Aaron
21%
Fritz
21%
Hannes
21%
Joshua
21%
Levi
21%
Kilian
20%
Matti
20%
Ole
20%
Lio
19%
Noel
19%
Toni
19%
Leonard
17%
Luke
17%
Ali
16%
Gabriel
16%
Henry
16%
Lennard
16%
Adrian
15%
Mats
15%
Mika
14%
Milan
14%
Milo
14%
Vincent
14%
Emilio
13%
Ludwig
13%
Malte
13%
Marlon
13%
Till
12%
Adam
11%
Konstantin
11%
Levin
11%
Raphael
11%
Bruno
10%
Theodor
10%
Carlo
9%
Jonah
9%
Arthur
8%
Lenny
8%
Lian
8%
Mattis
8%
Arian
5%
Kian
5%
Fiete
4%
Thilo
4%
Luan
3%
Enno
2%
Leano
2%
Amir
1%
Malik
0%
Miran
0%
Valetin
0%
Keine übereinstimmenden Quizze gefunden
Verteilung der Resultate
Anzahl Personen mit jedem Resultat
Perzentil nach korrekt beantworteten Fragen
Ihre Resultats-Entwicklung
Sie haben dieses Quiz noch nicht gespielt